00341 a2200145 450000100060000002000150000604000260002110000190004724000410006624500360010730000070014336200090015044000120015965000240017149971 a8508017588 cAnchieta - Bela Vista aOrthof, Sylvia10aA vaca mimosa e a mosca Zenildalpor10aA vaca mimosa e a mosca Zenilda a320 a1999 1aÁtica 4aLiteratura infantil